00877nam a22002657a 4500003000400000005001700004008004100021020001800062040002300080041000800103050002300111100003300134245005200167260003800219300005300257504004300310600005400353650002800407650003200435650003600467650002800503650004800531942001500579999001700594OSt20260530115320.0260508b1999 it ||||| |||| 00| 0 ita d a9788879401012 aICIbspacICIerda aita aNA6220 b.B73 2004 aBradaschia, Maurizio.93425410aWaro Kishi store design /cMaurizio Bradaschia. aMilan :bTesto & Immagine,c2004. a176 páginas :bilustraciones a color ;c30 cm. aIncluye referencias bibliográficas. 14aKishi, WaroxCrítica e interpretación.934255 4aArquitectura comercial. 4aDiseño de tiendas.934257 4aEspacios comercialesxDiseño. 4aInteriorismo comercial. 4aDiseño arquitectónico japonés.934260 2lcccBKn1 c13733d13733